5HLuxD.jpg

KING HENRY VIII SENIOR AND PRIMARY SCHOOL LIBRARY OPAC

Yes no maybe so / (Record no. 1083)

000 -LEADER
fixed length control field 01568nam a22003018i 4500
001 - CONTROL NUMBER
control field 022332276
003 - CONTROL NUMBER IDENTIFIER
control field UkOxU
005 - DATE AND TIME OF LATEST TRANSACTION
control field 20210531102213.0
008 - FIXED-LENGTH DATA ELEMENTS--GENERAL INFORMATION
fixed length control field 191001s2020 enk j 000|f|eng d
015 ## - NATIONAL BIBLIOGRAPHY NUMBER
National bibliography number GBB9J5134
Source bnb
016 7# - NATIONAL BIBLIOGRAPHIC AGENCY CONTROL NUMBER
Record control number 019634007
Source Uk
020 ## - INTERNATIONAL STANDARD BOOK NUMBER
International Standard Book Number 9781471184666 (pbk.) :
035 ## - SYSTEM CONTROL NUMBER
System control number (Uk)019634007
040 ## - CATALOGING SOURCE
Original cataloging agency StDuBDS
Language of cataloging eng
Description conventions rda
Transcribing agency StDuBDS
082 ## - DEWEY DECIMAL CLASSIFICATION NUMBER
Classification number FIC ALB
100 1# - MAIN ENTRY--PERSONAL NAME
Personal name Albertalli, Becky,
Relator term author.
245 10 - TITLE STATEMENT
Title Yes no maybe so /
Statement of responsibility, etc. Becky Albertalli ; Aisha Saeed.
263 ## - PROJECTED PUBLICATION DATE
Projected publication date 202002
264 #1 - PRODUCTION, PUBLICATION, DISTRIBUTION, MANUFACTURE, AND COPYRIGHT NOTICE
Place of production, publication, distribution, manufacture London :
Name of producer, publisher, distributor, manufacturer Simon & Schuster Children's,
Date of production, publication, distribution, manufacture, or copyright notice 2020.
300 ## - PHYSICAL DESCRIPTION
Extent 436 pages ;
Dimensions 20 cm
336 ## - CONTENT TYPE
Content type term text
Source rdacontent
337 ## - MEDIA TYPE
Media type term unmediated
Source rdamedia
338 ## - CARRIER TYPE
Carrier type term volume
Source rdacarrier
520 ## - SUMMARY, ETC.
Summary, etc. Jamie Goldberg is cool with volunteering for his local state candidate, as long as he's behind the scenes. There's no way he'd ever knock on doors to ask people for their votes... until he meets Maya. Maya Rehman's having the worst Ramadan ever. Her best friend is too busy to hang out, her summer trip is cancelled, her parents are separating and now her mother thinks the solution to her problems is political canvassing... with some awkward guy she hardly knows. Going door to door isn't exactly glamorous, but maybe it's not the worst thing in the world. After all, the polls are getting closer and so are Maya and Jamie. Mastering local activism is one thing. Navigating the cross-cultural crush of the century is another thing entirely.
655 #0 - INDEX TERM--GENRE/FORM
Genre/form data or focus term Young adult fiction.
700 1# - ADDED ENTRY--PERSONAL NAME
Personal name Saeed, Aisha
Relator term author.
942 ## - ADDED ENTRY ELEMENTS (KOHA)
Source of classification or shelving scheme
Koha item type Books - Fiction
Holdings
Withdrawn status Lost status Source of classification or shelving scheme Damaged status Not for loan Collection code Permanent Location Current Location Shelving location Date acquired Total Checkouts Full call number Barcode Date last seen Date last checked out Price effective from Koha item type
          Fiction KH8 Senior School Library KH8 Senior School Library Fiction 2021-05-31 1 FIC ALB 3KHSL000101807 2024-07-16 2022-01-20 2021-05-31 Books - Fiction

Powered By KH8 IT Dept